|
|
|
|
| LEADER |
00000cam a2200000 a 4500 |
| 001 |
vtls008327860 |
| 003 |
SK-MaSNL |
| 005 |
20260301123119.0 |
| 008 |
201207s1959 xo odb crp 000 0 slo |
| 015 |
|
|
|a SNBA1959/04-00686
|
| 020 |
|
|
|q (viazané)
|
| 035 |
|
|
|a SK01SNK19590020077
|
| 035 |
|
|
|a urn:nbn:sk:snk-am3ibsl
|
| 035 |
|
|
|a urn:nbn:sk:snk-am00e1ab
|
| 035 |
|
|
|a 59BF7956-6347-4F54-9895-F9CB1BDD2419
|
| 035 |
|
|
|a SKM000022540
|
| 040 |
|
|
|a SNK
|b slo
|c SNK
|e AACR2
|
| 041 |
1 |
|
|a slo
|h cze
|
| 043 |
|
|
|a e------
|
| 044 |
|
|
|a xo
|c SK
|
| 080 |
|
|
|a 91(4)
|2 2011
|
| 080 |
|
|
|a (075.2)
|2 2011
|
| 100 |
1 |
|
|a Stejskal, Antonín,
|d narodený 1909
|4 aut
|9 239478
|
| 245 |
1 |
0 |
|a Zemepis
|b pre 7. ročník všeobecnovzdelávacích škôl
|c Antonín Stejskal ; preložil: Eduard Oravský
|
| 250 |
|
|
|a Piate vydanie
|
| 260 |
|
|
|a Bratislava
|b Slovenské pedagogické nakladateľstvo
|c 1959
|e Martin
|f Tlačiarne SNP
|
| 300 |
|
|
|a 200 strán
|b fotografie, grafy, mapy
|c 21 cm
|
| 366 |
|
|
|e 18100 kusov
|
| 500 |
|
|
|a Pravdepodobne preložené z češtiny
|
| 650 |
0 |
7 |
|a geografia
|2 SNKPH
|9 823
|
| 651 |
|
7 |
|a Európa
|2 SNKPHgeo
|9 167569
|
| 655 |
|
7 |
|a učebnice základných škôl
|2 SNKPH
|9 70187
|
| 700 |
1 |
|
|a Oravský, Eduard,
|d 1904-1989
|4 trl
|9 120359
|
| 958 |
|
|
|a UX
|
| 958 |
|
|
|a CZ
|
| 958 |
|
|
|a OP
|
| 958 |
|
|
|a TL
|
| 958 |
|
|
|a RK
|
| 968 |
|
|
|b ČES
|
| 999 |
|
|
|c 735113
|d 737043
|
| 952 |
|
|
|a SNK
|b SNK
|y PREZ
|7 0
|p 17A0845004
|o snkSC 13140
|i snkKSP 1889/59
|0 0
|1 0
|4 0
|d 2020-02-03
|f 1
|l 0
|r 2025-07-16 00:00:00
|w 2026-02-23
|